| 000 | 01242cam a2200325 4500 | ||
|---|---|---|---|
| 001 | J122954 | ||
| 008 | 030707n2003 000 0 eng u | ||
| 035 | _a(Sirsi) u122954 | ||
| 041 | _aeng | ||
| 050 |
_a333.332 _c18 |
||
| 100 | _aLand, Howard | ||
| 245 |
_aHome information pack _bhome condition report _h[sound recording] |
||
| 260 |
_aLondon _bRICS _c2003 |
||
| 300 | _a1 audio CD (ca. 60 min.) | ||
| 490 | _aOwlion Audio Programme | ||
| 520 | _aOwlion CD outlining the changes arising from the Housing Bill 2003. Reforms proposed in the Bill include the introduction of home information packs, previously known as the sellers' packs. Produced in assocation with SAVA and the ODPM. | ||
| 650 | _aHOME CONDITION REPORTS | ||
| 650 | _aHOME INFORMATION PACKS | ||
| 650 | _aHOUSING BILL 2003 | ||
| 690 | _aPROPERTY AND LAND LAW-CONVEYANCING | ||
| 700 | _aCreffield, Paul | ||
| 700 | _aDunsmore-Hardy, Hugh | ||
| 700 | _aLegrand, Christopher | ||
| 700 | _aWoodward, David | ||
| 710 |
_aCollege of Estate Management _9400 |
||
| 710 |
_aUnited Kingdom _bOffice of the Deputy Prime Minister |
||
| 710 |
_aRoyal Institution of Chartered Surveyors _94900 |
||
| 710 |
_aSurveyors and Valuers Accreditation _94232 |
||
| 942 | _n0 | ||
| 999 |
_c85432 _d85432 |
||